| 000 | 00998 am a2200265ua 4500 | ||
|---|---|---|---|
| 001 | 012590065 | ||
| 003 | OSt | ||
| 005 | 20150408113955.0 | ||
| 008 | 111208r19961894enkabc || 000 1|eng | ||
| 015 |
_aGB9728774 _2bnb |
||
| 020 | _a9780199733491 | ||
| 040 |
_aDLC _cDLC _dUk |
||
| 082 | 0 | 4 |
_a823.4 T M T _221 |
| 100 | 1 |
_aTwain, Mark, _d1835-1910. |
|
| 245 | 1 | 0 |
_aTom Sawyer abroad / _cMark Twain ; foreword, Shelley Fisher Fishkin ; introduction, Nat Hentoff ; afterword, M. Thomas Inge. |
| 260 |
_aNew York ; _aOxford : _bOxford University Press, _c1996. |
||
| 300 |
_axxxviii, 219, 32p. : _bill., maps, 1 port. ; _c22cm. |
||
| 490 | 1 | _aThe Oxford Mark Twain | |
| 500 | _aFacsim. of ed. published: New York : Charles L. Webster, 1894. | ||
| 650 | 0 |
_aAmericans _xTravel _zForeign countries _xFiction. _97446 |
|
| 650 | 0 |
_aBalloon ascensions _xFiction. _97447 |
|
| 650 | 0 |
_aSawyer, Tom (Fictitious character) _xFiction. _97448 |
|
| 942 |
_2ddc _cDVD |
||
| 999 |
_c19464 _d253964 |
||